|
|
|
|
| LEADER |
00000cam a2200000 4500 |
| 001 |
vtls012013700 |
| 003 |
SK-MaSNL |
| 005 |
20260302004828.0 |
| 008 |
210209s2021 xo a gr 001 0 slo |
| 015 |
|
|
|a SNBA2021/12
|
| 020 |
|
|
|a 9788056619414
|q (brožované)
|
| 040 |
|
|
|a SNK
|b slo
|c SNK
|e rda
|
| 041 |
0 |
|
|a slo
|
| 044 |
|
|
|a xo
|c SK
|
| 072 |
|
7 |
|a 004.7
|x Počítačové siete
|2 konspekt
|
| 080 |
|
|
|a 004.738.5
|2 2011
|
| 080 |
|
|
|a 004.738.5:316.472.4
|2 2011
|
| 080 |
|
|
|a 351.78:614.8
|2 2011
|
| 080 |
|
|
|a 316.624
|2 2011
|
| 080 |
|
|
|a (0.062)
|2 2011
|
| 080 |
|
|
|a 004.056
|2 2011
|
| 080 |
|
|
|a 343.721:004.738.5
|2 2011
|
| 100 |
1 |
|
|a Šalmon, Tomáš
|4 aut
|9 592879
|
| 245 |
1 |
0 |
|a (Ne)bezpečný internet
|b sprievodca pre používateľov internetu od 10 do 99 rokov
|c Tomáš Šalmon
|
| 246 |
3 |
|
|a Nebezpečný internet
|
| 246 |
3 |
|
|a Bezpečný internet
|
| 250 |
|
|
|a Prvé slovenské vydanie
|
| 264 |
|
1 |
|a Bratislava
|b Lindeni
|c 2021
|
| 300 |
|
|
|a 290 strán
|b ilustrácie
|c 23 cm
|
| 336 |
|
|
|a text
|b txt
|2 rdacontent
|
| 337 |
|
|
|a bez média
|b n
|2 rdamedia
|
| 338 |
|
|
|a zväzok
|b nc
|2 rdacarrier
|
| 500 |
|
|
|a Vydalo vydavateľstvo Lindeni v spoločnosti Albatros Media Slovakia, s.r.o.
|
| 500 |
|
|
|a Terminologický slovník
|
| 504 |
|
|
|a Obsahuje register
|
| 650 |
0 |
7 |
|a internet
|2 SNKPH
|9 1833
|
| 650 |
0 |
7 |
|a internetové sociálne siete
|2 SNKPH
|9 107803
|
| 650 |
0 |
7 |
|a osobná bezpečnosť
|2 SNKPH
|9 4159
|
| 650 |
0 |
7 |
|a počítačová bezpečnosť
|2 SNKPH
|9 29531
|
| 650 |
0 |
7 |
|a informačná bezpečnosť
|2 SNKPH
|9 72884
|
| 650 |
0 |
7 |
|a rizikové správanie
|2 SNKPH
|9 114927
|
| 650 |
0 |
7 |
|a The Internet
|2 SNKPHeng
|9 305783
|
| 650 |
0 |
7 |
|a Internet social networks
|2 SNKPHeng
|9 326974
|
| 650 |
0 |
7 |
|a Internet fraud
|2 SNKPHeng
|9 592880
|
| 650 |
0 |
7 |
|a Information security
|2 SNKPHeng
|9 303264
|
| 650 |
0 |
7 |
|a Computer security
|2 SNKPHeng
|9 302641
|
| 650 |
0 |
7 |
|a Personal safety
|2 SNKPHeng
|9 275534
|
| 650 |
0 |
7 |
|a Risk behavior
|2 SNKPHeng
|9 330172
|
| 650 |
0 |
7 |
|a internetové podvody
|2 SNKPH
|9 207156
|
| 655 |
|
7 |
|a populárno-náučné publikácie
|2 SNKPH
|9 70460
|
| 655 |
|
7 |
|a Popular works
|2 SNKPHeng
|9 90287
|
| 710 |
2 |
|
|a Albatros Media Slovakia.
|b Lindeni
|4 pbl
|9 193326
|
| 919 |
|
|
|a 978-80-566-1941-4
|
| 999 |
|
|
|c 997321
|d 999251
|
| 952 |
|
|
|a SNK
|b SNK
|y PREZ
|7 0
|p 17A1459756
|o snkSC 194469
|i snk2021/14130
|8 0
|0 0
|1 0
|4 0
|d 2021-09-29
|f 1
|l 0
|r 2025-10-14 00:00:00
|w 2026-02-24
|
| 952 |
|
|
|a SNK
|b SNKPULT
|y VYP
|7 0
|p 17A1459757
|o snkSC 194469 D1
|i snk2021/14131
|8 0
|0 0
|1 0
|4 0
|d 2021-09-29
|l 1
|m 2
|q 2026-05-14
|r 2026-02-28 18:48:00
|s 2026-02-28
|w 2026-02-24
|